[Event "Asia-ch Seniors 9th"]
[Site "Tagaytay City"]
[Date "2018.11.05"]
[Round "3"]
[White "Chakeyeva, Almagul"]
[Black "Emperado, Milagros"]
[Result "1-0"]
[WhiteElo "1658"]
[BlackElo "1973"]
[PlyCount "60"]
[EventDate "2018.11.04"]
[EventType "swiss"]
[EventRounds "9"]
[EventCountry "PHI"]
[SourceTitle "EXT 2021"]
[Source "ChessBase"]
[SourceDate "2020.10.23"]
[SourceVersion "1"]
[SourceVersionDate "2020.10.23"]
[SourceQuality "1"]

1. d4 Nf6 2. c4 e6 3. Nc3 c6 4. Nf3 d5 5. e3 Bd6 6. Bd3 0-0 7. 0-0 dxc4 8. Bxc4 b5 9. Bd3 b4 10. Ne4 Nxe4 11. Bxe4 Bb7 12. Bd2 f5 13. Bd3 Ba6 14. Qe2 Bxd3 15. Qxd3 a5 16. Qc4 Qe8 17. Rac1 Ra7 18. a3 bxa3 19. bxa3 h6 20. a4 Kh7 21. Rb1 g5 22. Rb2 Rg8 23. Rfb1 Rgg7 24. g3 Qg6 25. Rxb8 Bxb8 26. Rxb8 Rab7 27. Rxb7 Rxb7 28. Qxc6 Rg7 29. Bxa5 Qh5 30. Kg2 Qf7 1-0

[Event "Asia-ch Seniors 9th"]
[Site "Tagaytay City"]
[Date "2018.11.04"]
[Round "1"]
[White "Chakeyeva, Almagul"]
[Black "Bagamasbad, Efren"]
[Result "0-1"]
[WhiteElo "1658"]
[BlackElo "2169"]
[PlyCount "124"]
[EventDate "2018.11.04"]
[EventType "swiss"]
[EventRounds "9"]
[EventCountry "PHI"]
[SourceTitle "EXT 2021"]
[Source "ChessBase"]
[SourceDate "2020.10.23"]
[SourceVersion "1"]
[SourceVersionDate "2020.10.23"]
[SourceQuality "1"]

1. d4 Nf6 2. c4 e6 3. Nc3 Bb4 4. Qc2 d5 5. e3 0-0 6. Nf3 c5 7. Bd3 Nc6 8. dxc5 Bxc5 9. a3 dxc4 10. Bxc4 a6 11. b4 Be7 12. Bb2 b5 13. Bd3 Bb7 14. 0-0 h6 15. Rfd1 Qb6 16. Rac1 Rac8 17. Qe2 Rfd8 18. Bb1 Rxd1+ 19. Rxd1 Rd8 20. Rxd8+ Qxd8 21. Qd3 Qxd3 22. Bxd3 Nd7 23. Ne2 Bd6 24. Ned4 Nxd4 25. Nxd4 g6 26. f4 e5 27. fxe5 Nxe5 28. Be2 Bd5 29. Nf3 Nc4 30. Bc1 f5 31. Nd4 Kf7 32. Bf3 Be4 33. Bxe4 fxe4 34. h3 h5 35. Kf2 Kf6 36. Ke2 Ke5 37. Kd1 Kd5 38. Kc2 Be5 39. Ne2 h4 40. Kb3 Kc6 41. a4 Kd5 42. axb5 axb5 43. Nc3+ Bxc3 44. Kxc3 g5 45. Kc2 Ne5 46. Kc3 g4 47. hxg4 Nxg4 48. Bd2 Nh6 49. Be1 Nf5 50. Bf2 Ke5 51. Kd2 Kf6 52. Ke2 Kg5 53. Be1 Kg4 54. Kd2 h3 55. gxh3+ Kxh3 56. Ke2 Kg2 57. Bc3 Ng3+ 58. Ke1 Kf3 59. Bd4 Nf5 60. Kd2 Nxd4 61. exd4 Kf2 62. d5 e3+ 0-1

[Event "KAZ-ch (Women)"]
[Site "Astana"]
[Date "2014.05.03"]
[Round "1"]
[White "Chakeyeva, Almagul"]
[Black "Khasanova, Flyura"]
[Result "0-1"]
[WhiteElo "1680"]
[BlackElo "2238"]
[PlyCount "58"]
[EventDate "2014.05.03"]
[EventType "swiss"]
[EventRounds "9"]
[EventCountry "KAZ"]
[SourceTitle "CBM 160 Extra"]
[Source "ChessBase"]
[SourceDate "2014.07.01"]
[SourceVersion "1"]
[SourceVersionDate "2014.07.01"]
[SourceQuality "1"]

1. e4 c5 2. Nf3 a6 3. d4 cxd4 4. Nxd4 Nf6 5. Nc3 e5 6. Nf3 Bb4 7. Bd3 d5 8. Nd2 Nc6 9. Nxd5 Nxd5 10. exd5 Qxd5 11. 0-0 Be6 12. Bc4 Qd7 13. Bxe6 Qxe6 14. c3 Be7 15. Qb3 Qg6 16. Re1 b5 17. Qd5 0-0 18. Nf1 Rad8 19. Qf3 Rd3 20. Re3 Rfd8 21. Rxd3 Rxd3 22. Qe2 b4 23. Bd2 e4 24. Ng3 f5 25. Be1 f4 26. Nh1 Ne5 27. g3 Nf3+ 28. Kg2 Nd4 29. Qf1 f3+ 0-1